Rétorika a prezentace

Saved in:
Bibliographic Details
Main Author: Hierhold, Emil
Other Authors: Michňová, Iva
Format: Book
Language:Czech
Published: Praha GRADA Publishing 2008
Edition:7. aktualiz. vyd.
Series:Expert
Subjects:
Tags: Add Tag
No Tags, Be the first to tag this record!

MARC

LEADER 00000nam$a2200000$$$4500
001 0107142
005 20240313090345.6
020 |a 978-80-247-2423-2 
041 0 |a cze 
044 |a CZ 
245 1 0 |a Rétorika a prezentace  |c Emil Hierhold 
250 |a 7. aktualiz. vyd. 
264 1 |a Praha  |b GRADA Publishing  |c 2008 
300 |a 380 s. 
490 1 |a Expert 
830 0 |a Expert 
610 2 0 |a rétorika 
610 2 0 |a prezentácia firemná 
610 2 0 |a prednášatelia 
610 2 0 |a prednášky 
610 2 0 |a informácie 
610 2 0 |a koncepcie 
610 2 0 |a multimédiá 
610 2 0 |a poradenstvo 
100 1 |a Hierhold, Emil 
700 1 |a Michňová, Iva